00606nam a2200121 a 450000100100000000500170001000800410002704000250006811000750009324502100016826000780037830000280045600003241020200930065627.0110715s1934 dr c 000 0 spa d aDO-SdBNPbspacBNPHU1 aRepública Dominicana.bCámara de Comercio, Industria y Agricultura10aMemoria sintética que sobre la labor realizada durante el año 1933 presenta el Sr. J. Antonio Hungria, secretario general de la institución, ante la Asamblea General celebrada el 29 de enero de 1934. a[Ciudad Trujillo, República Dominicana] :bImprenta La Nación,c1934. a157 p. :bretr.b23 cm.